Districts des Terres Australes et Antarctiques Françaises - Statistiques

Statistiques générales
  • Ce quiz a été pris 44 fois
  • Le résultat moyen est 3 sur 5
Statistiques - réponses
Superficie (km²) District % Correct
432 000 Terre Adélie
94%
7 215 Îles Kerguelen
81%
66 Îles Saint-Paul et Nouvelle-Amsterdam
56%
352 Archipel Crozet
47%
44 Îles Eparses de l'océan Indien
44%
Aucun quiz correspondant
Distribution des résultats
% des personnes avec chaque résultat
Percentile par nombre de réponses
Votre historique - résultats
Vous n’avez pas pris ce quiz